000 00668nam a2200181Ia 4500
003 GCL
008 140319s9999 xx 000 0 ara d
040 _aGCL /
_cGCL
082 0 4 _aط
_b591
_bىح
100 1 _aياكوفليفا.ايرينا
245 1 0 _aالباليونتولوجى :
_bعلم الحيوانات المنقرضة - سجل مصور /
_cياكوفليفا.ايرينا
260 _aروسيا :
_b"دار ""مير ""للطباعة والنشر" ،
_c1988
300 _a40 ص:
_bايض ؛
_c27 سم
650 0 4 _aالحيوانات المنقرضة
650 0 4 _aالحفريات الحيوانية
650 0 4 _aالحفريات
942 _2ddc
_cBK
999 _c9980
_d9980